Banderas con Gravedad #1 - Estadísticas

Estadísticas generales
  • Esta prueba ha sido intentada 238 veces
  • La puntuación promedio es 13 de 16
Estadísticas de respuestas
Imagen Respuesta % Correcto
Brasil
97%
China
96%
Israel
94%
Kazajistán
90%
Laos
87%
Arabia Saudita
83%
Nueva Zelanda
81%
Estados Federados de Micronesia
80%
Samoa
77%
Zambia
77%
Papúa Nueva Guinea
75%
Mauritania
74%
Argelia
72%
Maldivas
72%
San Vicente y las Granadinas
67%
Timor Oriental
63%
No se encontraron pruebas coincidentes
Distribución de puntuación
Porcentaje de gente con cada puntuación
Porcentaje por número respondido
Historial de tus puntuaciones
No has intentado esta prueba.